000 02536cam a22005174i 4500
003 PE-LiUPU
005 20250731173230.0
008 150625s r 000 0 d
035 _a(Sirsi) a34483
040 _aPE-LiUPU
_bspa
_cPE-LiUPU
_erda
082 0 4 _a261.7
_bL83
100 1 _aLopez Trujillo, Alfonso,
_eautor.
245 1 0 _aLiberacion o revolucion? /
_cAlfonso Lopez Trujillo.
264 1 _aBogotá :
_Ediciones Paulinas,
_c1975
300 _a144 páginas ;
_21 centímetros.
336 _atext
_2rdacontent
337 _aunmediated
_2rdamedia
338 _avolume
_2rdacarrier
490 0 _aEstudios sociales
505 0 _aLa liberación: tema de actualidad y de moda -- La liberación: un valor permanente -- La liberación: realidad actual y plenitud futura -- Liberación y revolución -- La iglesia: una comunidad liberada y liberadora.
526 _aSEG42
526 _aSEG41
526 _aSEG40
526 _aSEG39
526 _aP94
526 _aP87
526 _aP86
526 _aP85
526 _aP77
526 _aP76
526 _aP35
942 _2ddc
_cBOOK
949 _a261.7 L83
_wDEWEY
_c1
_i24540
_lCCODEBUL1
_mBUL
_p00.00
_r0
_sY
_tBOOK
_u2015-06-25
_xBIBLIOTECA
_zUNKNOWN
_0COMPRA
_o.STAFF. Colección General
949 _a261.7 L83
_wDEWEY
_c2
_i27923
_lCCODEBUL1
_mBUL
_p00.00
_r0
_sY
_tBOOK
_u2015-06-25
_xBIBLIOTECA
_zUNKNOWN
_0COMPRA
_o.STAFF. Colección General
949 _a261.7 L83
_wDEWEY
_c3
_i27924
_lCCODEBUL1
_mBUL
_p00.00
_r0
_sY
_tBOOK
_u2015-06-25
_xBIBLIOTECA
_zUNKNOWN
_0COMPRA
_o.STAFF. Colección General
949 _a261.7 L83 1975
_wDEWEY
_c1
_iFT00476
_lCCODEBUT1
_mBUT
_p{Dolar}5.00
_r0
_sY
_tBOOK
_u2015-06-19
_xBIBLIOTECA
_zUNKNOWN
_o.STAFF. Colección General Tarapoto
596 _a1 2
999 _a261.7 L83
_wDEWEY
_c42344
_i24540
_f2021-11-12
_g5
_lCCODEBUL1
_mBUL
_r0
_sY
_tBOOK
_u2015-6-25
_xTEOLOGIA
_zUNKNOWN
_0COMPRA
_o.STAFF. Colección General
_d42344
999 _a261.7 L83
_wDEWEY
_c2
_i27923
_f2021-11-12
_g5
_lCCODEBUL1
_mBUL
_r0
_sY
_tBOOK
_u2015-6-25
_xTEOLOGIA
_zUNKNOWN
_0COMPRA
_o.STAFF. Colección General
999 _a261.7 L83
_wDEWEY
_c3
_i27924
_f2019-12-10
_g4
_lCCODEBUL1
_mBUL
_r0
_sY
_tBOOK
_u2015-6-25
_xTEOLOGIA
_zUNKNOWN
_0COMPRA
_o.STAFF. Colección General
999 _a261.7 L83 1975
_wDEWEY
_c1
_iFT00476
_f2019-2-20
_g1
_lCCODEBUT1
_mBUT
_p4.00
_r0
_sY
_tBOOK
_u2018-7-4
_xUNKNOWN
_zUNKNOWN
_0DONACION
_o.STAFF. Colección General Tarapoto
980 _81
_gALBERTO SANCHEZ Responsable de Automatización